[Event "Junior Online 4NCL Division 5"]
[Site "online"]
[Date "2021.02.18"]
[EventDate "2021.02.18"]
[Round "3.141"]
[White "McAndrew, Max"]
[WhiteElo "1113"]
[WhiteTeam "Ojays G"]
[Black "Nikam, Arya"]
[BlackElo "1337"]
[BlackTeam "Chess Challengers G"]
[Result "1-0"]
[PlyCount "81"]

1. e4 Nc6 2. d4 Nxd4 3. Qxd4 Nf6 4. e5 Ng8 5. Bc4 e6 6. Nc3 d5 7. Bd3 b6 8. Nf3 Bc5 9. Qg4 Nf6 10. exf6 Qxf6 11. Be3 d4 12. Bxd4 Bxd4 13. Qxd4 e5 14. Qxe5+ Qxe5+ 15. Nxe5 O-O 16. Bc4 Be6 17. Bxe6 fxe6 18. Nd7 Rfd8 19. Ne5 c5 20. Nc6 Rf8 21. O-O-O Rac8 22. Ne7+ Kf7 23. Nxc8 Rxc8 24. Rd7+ Ke8 25. Rxa7 b5 26. Rd1 Rd8 27. Rxd8+ Kxd8 28. Rxg7 b4 29. Nb5 Ke8 30. Kd2 Kf8 31. Rxh7 Kg8 32. Ra7 Kf8 33. Ke3 c4 34. Kd4 Ke8 35. Ke5 Kd8 36. Kxe6 Kc8 37. Kd6 Kb8 38. Rh7 b3 39. Kc6 bxc2 40. Kb6 c1=Q 41. Rh8# 1-0

[Event "Junior Online 4NCL Division 5"]
[Site "online"]
[Date "2021.02.18"]
[EventDate "2021.02.18"]
[Round "3.142"]
[White "Kelkar, Shourya"]
[WhiteElo "1410"]
[WhiteTeam "Chess Challengers G"]
[Black "Genc, Guven"]
[BlackElo "1167"]
[BlackTeam "Ojays G"]
[Result "0-1"]
[PlyCount "90"]

1. e4 e5 2. Nf3 Nc6 3. Bc4 Bc5 4. d3 Nf6 5. Nc3 d6 6. O-O O-O 7. Re1 Bg4 8. h3 Bxf3 9. Qxf3 Nd4 10. Qd1 c6 11. Ne2 d5 12. Nxd4 Bxd4 13. exd5 cxd5 14. c3 dxc4 15. cxd4 exd4 16. dxc4 Rc8 17. b3 Qd6 18. Bb2 d3 19. Qf3 d2 20. Red1 Rc7 21. Bc3 Re8 22. Rxd2 Qe6 23. Qg3 Rc6 24. Rd3 g6 25. Re1 Qf5 26. Rxe8+ Nxe8 27. Rd8 Re6 28. Qh4 h5 29. g4 Qf4 30. Rd4 Qc1+ 31. Kg2 Qxc3 32. gxh5 gxh5 33. Qg5+ Rg6 34. Qxg6+ fxg6 35. Rd7 Qe5 36. Rxb7 Qe4+ 37. f3 Qxb7 38. Kg3 g5 39. f4 gxf4+ 40. Kxf4 Qf7+ 41. Kg5 Qf6+ 42. Kxh5 Qg7 43. Kh4 Kf7 44. c5 Kf6 45. Kh5 Qg5# 0-1

[Event "Junior Online 4NCL Division 5"]
[Site "online"]
[Date "2021.02.18"]
[EventDate "2021.02.18"]
[Round "3.143"]
[White "Gascoyne, Thomas"]
[WhiteElo "1160"]
[WhiteTeam "Ojays G"]
[Black "Singhe Gehlote, Sohum"]
[BlackElo "1129"]
[BlackTeam "Chess Challengers G"]
[Result "1-0"]
[PlyCount "73"]

1. c4 e5 2. Nc3 Nc6 3. e4 Nf6 4. d3 Bb4 5. a3 Ba5 6. c5 Bxc3+ 7. bxc3 d6 8. Bg5 Bg4 9. f3 Bh5 10. d4 O-O 11. d5 Na5 12. g4 Bg6 13. Ne2 dxc5 14. f4 h6 15. Bxf6 Qxf6 16. f5 Bh7 17. Ng3 Qh4 18. Kf2 Rad8 19. Qa4 b6 20. Ba6 Qg5 21. Kf3 Rb8 22. h4 Qd2 23. Rac1 Nb7 24. Rc2 Qf4+ 25. Kg2 Qxg4 26. Qc6 Nd8 27. Qxc7 Ne6 28. Qc6 Nd8 29. Qc7 Ne6 30. dxe6 fxe6 31. Qc6 Rfe8 32. Bc4 Kf7 33. Bxe6+ Kf8 34. Qd6+ Re7 35. Qxb8+ Re8 36. Qxa7 b5 37. Qf7# 1-0

[Event "Junior Online 4NCL Division 5"]
[Site "online"]
[Date "2021.02.18"]
[EventDate "2021.02.18"]
[Round "3.144"]
[White "Singh, Arjun"]
[WhiteElo "1100"]
[WhiteTeam "Chess Challengers G"]
[Black "Bhogathi, Abhiram"]
[BlackElo "1127"]
[BlackTeam "Ojays G"]
[Result "1-0"]
[PlyCount "61"]

1. e4 e5 2. Nf3 Nc6 3. Bc4 Bc5 4. d3 Nf6 5. Ng5 O-O 6. Nxf7 Rxf7 7. Bxf7+ Kxf7 8. Nc3 d6 9. a3 Be6 10. b4 Bd4 11. Bb2 Ke7 12. O-O a6 13. Ra2 Qe8 14. Ne2 Bxb2 15. Rxb2 Bg4 16. f3 Bh5 17. g4 Nxg4 18. fxg4 Bxg4 19. Qe1 Qg6 20. Qg3 h5 21. Nc3 h4 22. Qg2 h3 23. Qg3 Rf8 24. Rxf8 Kxf8 25. Rb1 Ke7 26. Kf2 Nd4 27. Rg1 Qf6+ 28. Ke3 Qh4 29. Qxh4+ Kf7 30. Qxg4 Kg8 31. Qxg7# 1-0

[Event "Junior Online 4NCL Division 5"]
[Site "online"]
[Date "2021.02.18"]
[EventDate "2021.02.18"]
[Round "3.145"]
[White "Nikam, Arya"]
[WhiteElo "1337"]
[WhiteTeam "Chess Challengers G"]
[Black "McAndrew, Max"]
[BlackElo "1113"]
[BlackTeam "Ojays G"]
[Result "0-1"]
[PlyCount "74"]

1. Nc3 d5 2. Nb1 e5 3. Nc3 Bc5 4. Nf3 e4 5. Ne5 Qf6 6. d4 Bb6 7. e3 Nc6 8. Bb5 a6 9. Bxc6+ bxc6 10. Nxc6 Qxc6 11. O-O Bb7 12. b3 Qxc3 13. Bb2 Qxb2 14. Rb1 Qxa2 15. b4 Nf6 16. c3 O-O 17. Rc1 Bc6 18. c4 dxc4 19. d5 Bxd5 20. Rc2 Qa4 21. Rxc4 Bxc4 22. Qxa4 Bxf1 23. Kxf1 Rad8 24. Qc6 Rd7 25. b5 Rfd8 26. bxa6 Rd6 27. Qb7 Rd2 28. g3 Ng4 29. Qxe4 Nxh2+ 30. Kg2 Ra2 31. Kxh2 Rxa6 32. Qc6 Ra2 33. Qc4 Rxf2+ 34. Kg1 Bxe3 35. Qb3 Rb2+ 36. Qxe3 Rd1+ 37. Qe1 Rxe1# 0-1

[Event "Junior Online 4NCL Division 5"]
[Site "online"]
[Date "2021.02.18"]
[EventDate "2021.02.18"]
[Round "3.146"]
[White "Genc, Guven"]
[WhiteElo "1167"]
[WhiteTeam "Ojays G"]
[Black "Kelkar, Shourya"]
[BlackElo "1410"]
[BlackTeam "Chess Challengers G"]
[Result "1-0"]
[PlyCount "123"]

1. e4 e5 2. Nf3 Nc6 3. Bb5 d6 4. O-O Nf6 5. Re1 a6 6. Ba4 Bd7 7. c3 d5 8. exd5 Nxd5 9. Nxe5 Nxe5 10. Rxe5+ Ne7 11. Bxd7+ Qxd7 12. d4 O-O-O 13. b4 Nf5 14. Bf4 Bd6 15. Re4 h5 16. a4 f6 17. b5 a5 18. Nd2 g5 19. Bxd6 Qxd6 20. Rb1 b6 21. Nf3 g4 22. Ne1 Rhg8 23. g3 h4 24. Kg2 hxg3 25. fxg3 Rde8 26. Rxe8+ Rxe8 27. Qxg4 Qd5+ 28. Kg1 Kb7 29. Qh5 Qe4 30. Qf3 Qxf3 31. Nxf3 Re3 32. Kf2 Rxc3 33. g4 Nd6 34. h4 Rc4 35. h5 Nf7 36. Rh1 Rxa4 37. h6 Rb4 38. h7 a4 39. h8=Q Nxh8 40. Rxh8 a3 41. Rh1 a2 42. Ra1 Rb2+ 43. Kg3 c5 44. Kf4 c4 45. d5 c3 46. d6 Kc8 47. Nd4 c2 48. Kf5 Rb1 49. Nxc2 Rxa1 50. Nxa1 Kd7 51. Kxf6 Kxd6 52. g5 Kc5 53. g6 Kc4 54. g7 Kc3 55. g8=Q Kb2 56. Qg1 Kc3 57. Qxb6 Kb2 58. Qg1 Kc3 59. b6 Kb2 60. b7 Ka3 61. b8=R Ka4 62. Qa7# 1-0

[Event "Junior Online 4NCL Division 5"]
[Site "online"]
[Date "2021.02.18"]
[EventDate "2021.02.18"]
[Round "3.147"]
[White "Singhe Gehlote, Sohum"]
[WhiteElo "1129"]
[WhiteTeam "Chess Challengers G"]
[Black "Gascoyne, Thomas"]
[BlackElo "1160"]
[BlackTeam "Ojays G"]
[Result "0-1"]
[PlyCount "88"]

1. e4 e5 2. Nf3 Nc6 3. Bc4 Bc5 4. Nc3 Nf6 5. Ng5 Rf8 6. d3 h6 7. Nf3 Na5 8. Bb5 c6 9. Ba4 b5 10. Bb3 Nxb3 11. axb3 d5 12. O-O Bg4 13. b4 Bxb4 14. Na2 Bc5 15. Be3 d4 16. Bd2 a5 17. h3 Bxf3 18. Qxf3 b4 19. b3 Bd6 20. Nc1 c5 21. Ne2 g5 22. Ng3 Nd7 23. Nf5 Bc7 24. Ng7+ Ke7 25. Nf5+ Ke6 26. Ng7+ Kd6 27. Nf5+ Kc6 28. Nxh6 f6 29. h4 gxh4 30. Qh3 Rh8 31. Qxh4 Qf8 32. Rfe1 Qf7 33. Nxf7 Rxh4 34. g3 Rh7 35. Nxe5+ fxe5 36. f4 exf4 37. gxf4 Rg8+ 38. Kf2 Rh2+ 39. Kf3 Rh3+ 40. Ke2 Rg2+ 41. Kd1 Rf3 42. Re2 Rf1+ 43. Re1 Rgg1 44. Rxa5 Bxa5 0-1

[Event "Junior Online 4NCL Division 5"]
[Site "online"]
[Date "2021.02.18"]
[EventDate "2021.02.18"]
[Round "3.148"]
[White "Bhogathi, Abhiram"]
[WhiteElo "1127"]
[WhiteTeam "Ojays G"]
[Black "Singh, Arjun"]
[BlackElo "1100"]
[BlackTeam "Chess Challengers G"]
[Result "1-0"]
[PlyCount "117"]

1. d4 Nf6 2. Nc3 d5 3. Bf4 Bf5 4. Nf3 Nc6 5. Nb5 Rc8 6. Ne5 a6 7. Nxc6 bxc6 8. Na7 Ra8 9. Nxc6 Rb8 10. Nxd8 Rxd8 11. Qd3 Bxd3 12. exd3 h6 13. Bxc7 Rc8 14. Be5 Rxc2 15. Bxf6 gxf6 16. Rb1 e6 17. Be2 Rg8 18. Bd1 Bb4+ 19. Kf1 Rc8 20. Ba4+ Ke7 21. a3 Bd2 22. Ke2 Bg5 23. g3 e5 24. h4 Bxh4 25. Rxh4 f5 26. dxe5 Ke6 27. Rxh6+ Kxe5 28. Rxa6 Rc2+ 29. Bxc2 f4 30. gxf4+ Kxf4 31. Rf6+ Ke5 32. Rxf7 Rd8 33. Ra1 Ke6 34. Rf3 Kd7 35. a4 Kc7 36. a5 Kb7 37. a6+ Ka7 38. Rf7+ Ka8 39. Ba4 Rd6 40. Rc7 Rxa6 41. Bc6+ Kb8 42. Rxa6 Kxc7 43. Bxd5 Kd7 44. f4 Ke7 45. b4 Kd7 46. b5 Kc7 47. b6+ Kd6 48. Ra5 Kd7 49. b7 Kc7 50. Ra8 Kd6 51. b8=Q+ Kxd5 52. Qc7 Ke6 53. Re8+ Kd5 54. Qd7+ Kc5 55. Rc8+ Kb6 56. Qc7+ Ka6 57. Qc1 Kb7 58. Rc2 Kb6 59. Qb1+ 1-0

[Event "Junior Online 4NCL Division 5"]
[Site "online"]
[Date "2021.02.18"]
[EventDate "2021.02.18"]
[Round "3.151"]
[White "Avezbakiev, Tom"]
[WhiteElo "1068"]
[WhiteTeam "Maidenhead Juniors 5"]
[Black "Nikolov, Alexander"]
[BlackElo "1525"]
[BlackTeam "Desert Penguins Neptune"]
[Result "1-0"]
[PlyCount "69"]

1. e4 c5 2. Nf3 d6 3. Bc4 Nf6 4. d3 a6 5. Nc3 e6 6. Bg5 Be7 7. Bxf6 Bxf6 8. O-O b5 9. Bb3 Bb7 10. a3 Nd7 11. Re1 O-O 12. a4 b4 13. Na2 Bxb2 14. Rb1 Bf6 15. Qd2 a5 16. c3 Nb6 17. cxb4 axb4 18. Qf4 Nxa4 19. Bxa4 Rxa4 20. Re2 Re8 21. Qg4 g6 22. Qf4 Qd7 23. Qxf6 Rea8 24. Rbb2 h6 25. h3 Qb5 26. d4 c4 27. Qh4 Kg7 28. Qe7 c3 29. Nxc3 Ra1+ 30. Kh2 Qb6 31. e5 dxe5 32. Nxe5 Rf8 33. Nd7 Qc6 34. Qxf8+ Kh7 35. Nf6# 1-0

[Event "Junior Online 4NCL Division 5"]
[Site "online"]
[Date "2021.02.18"]
[EventDate "2021.02.18"]
[Round "3.152"]
[White "Xu, Owen"]
[WhiteElo "1480"]
[WhiteTeam "Desert Penguins Neptune"]
[Black "Sridhar, Siddarth Iyer"]
[BlackElo "1057"]
[BlackTeam "Maidenhead Juniors 5"]
[Result "0-1"]
[PlyCount "92"]

1. d4 Nf6 2. c4 e5 3. dxe5 Ng4 4. Nf3 d6 5. exd6 Bxd6 6. h3 Nxf2 7. Kxf2 Bg3+ 8. Kxg3 Qxd1 9. Nc3 Qd6+ 10. Kf2 O-O 11. Nb5 Qc5+ 12. e3 Nd7 13. Bd2 Ne5 14. Nfd4 Nxc4 15. Rc1 Be6 16. Bxc4 Bxc4 17. b3 Qe7 18. Rxc4 c6 19. Nc3 Rad8 20. Ke2 Rfe8 21. Nf5 Qd7 22. Nd4 b5 23. Nxc6 Qxd2+ 24. Kf3 Rxe3+ 25. Kg4 Qxg2+ 26. Kf4 Qf2+ 27. Kg4 Rg3+ 28. Kh4 Rxc3+ 29. Kg4 Qf3+ 30. Kh4 Rxc4+ 31. bxc4 Qxh1 32. Nxd8 Qe4+ 33. Kg3 Qxc4 34. Nb7 Qxa2 35. Kf4 b4 36. Ke3 b3 37. Nc5 b2 38. Nd7 b1=Q 39. Kd4 Qa4+ 40. Ke5 Qxd7 41. Kf4 Qb4+ 42. Ke3 Qdd4+ 43. Kf3 Qb3+ 44. Ke2 Qdd3+ 45. Kf2 Qb2+ 46. Ke1 Qdb1# 0-1

[Event "Junior Online 4NCL Division 5"]
[Site "online"]
[Date "2021.02.18"]
[EventDate "2021.02.18"]
[Round "3.153"]
[White "Patel, Thilak"]
[WhiteElo "1023"]
[WhiteTeam "Maidenhead Juniors 5"]
[Black "Donati Plutino, Francesco Rodolfo"]
[BlackElo "993"]
[BlackTeam "Desert Penguins Neptune"]
[Result "0-1"]
[PlyCount "72"]

1. e4 e5 2. Nf3 Nc6 3. Nc3 Bc5 4. Bc4 h6 5. O-O Nf6 6. b3 O-O 7. Bb2 d6 8. d3 Bd7 9. h3 Qe7 10. Qe2 a6 11. Rae1 b5 12. Bd5 b4 13. Na4 Rab8 14. Nxc5 dxc5 15. Bxc6 Bxc6 16. Bxe5 Nd7 17. Bxc7 Rbc8 18. Bh2 Rcd8 19. e5 Rde8 20. Qe3 Ba8 21. Re2 Qe6 22. Rfe1 a5 23. d4 a4 24. bxa4 Qxa2 25. dxc5 Qxa4 26. Qf4 Qa5 27. e6 fxe6 28. Rxe6 Rxf4 29. Rxe8+ Kh7 30. Bxf4 Nxc5 31. R1e6 Nxe6 32. Rxe6 Qa1+ 33. Kh2 Qa2 34. g4 Qxe6 35. Nd4 Qe4 36. Be3 Qg2# 0-1

[Event "Junior Online 4NCL Division 5"]
[Site "online"]
[Date "2021.02.18"]
[EventDate "2021.02.18"]
[Round "3.154"]
[White "Tsitos, Konstantinos"]
[WhiteElo "738"]
[WhiteTeam "Desert Penguins Neptune"]
[Black "Adhikari, Aanya"]
[BlackElo "1015"]
[BlackTeam "Maidenhead Juniors 5"]
[Result "0-1"]
[PlyCount "116"]

1. d4 d5 2. c4 c6 3. Nc3 Nf6 4. Bg5 e6 5. e3 h6 6. Bh4 c5 7. Nf3 Nc6 8. Bd3 dxc4 9. Bxc4 Be7 10. O-O O-O 11. Bd3 Bd6 12. Bc2 e5 13. d5 Nb4 14. Bb1 Bg4 15. a3 Na6 16. Qd3 Bxf3 17. Bxf6 e4 18. Bxd8 exd3 19. Bh4 Bg4 20. Bxd3 Rfe8 21. h3 Bd7 22. Rfe1 Rac8 23. Rac1 Be7 24. e4 Bxh4 25. Ne2 Re5 26. f4 Bxe1 27. Rxe1 Ree8 28. g3 c4 29. Bc2 Bb5 30. Nc3 Bd7 31. Rc1 Bxh3 32. Kh2 Bd7 33. Kg2 Bg4 34. Ba4 Red8 35. Nb5 Ra8 36. Rxc4 Bd7 37. Kf3 Rac8 38. Kg2 Rxc4 39. Bb3 Rxe4 40. Nxa7 Re2+ 41. Kf3 Rxb2 42. Bc4 Ra8 43. Nb5 Bxb5 44. Bxb5 Rxb5 45. a4 Rxd5 46. Ke4 Rad8 47. g4 Ra5 48. f5 Rxa4+ 49. Ke5 Re8+ 50. Kd5 Rc8 51. Ke5 Rc6 52. Kd5 Rf6 53. Ke5 Ra5+ 54. Ke4 Rb6 55. Ke3 Rb4 56. Kf3 Ra3+ 57. Kf2 Rb2+ 58. Kf1 Ra1# 0-1

[Event "Junior Online 4NCL Division 5"]
[Site "online"]
[Date "2021.02.18"]
[EventDate "2021.02.18"]
[Round "3.155"]
[White "Nikolov, Alexander"]
[WhiteElo "1525"]
[WhiteTeam "Desert Penguins Neptune"]
[Black "Avezbakiev, Tom"]
[BlackElo "1068"]
[BlackTeam "Maidenhead Juniors 5"]
[Result "1-0"]
[PlyCount "81"]

1. d4 d5 2. c4 dxc4 3. e4 e6 4. a3 Nc6 5. Nf3 Bd7 6. Bxc4 Bd6 7. Bg5 Nf6 8. e5 Be7 9. exf6 Bxf6 10. Bxf6 Qxf6 11. Nc3 O-O 12. O-O Qg6 13. d5 exd5 14. Nxd5 Bh3 15. Nf4 Qe4 16. Bxf7+ Rxf7 17. Nxh3 Rf6 18. Re1 Qg4 19. Nfg5 Qxd1 20. Raxd1 Raf8 21. Rd7 h6 22. Ne6 Re8 23. g3 Rfxe6 24. Rxe6 Rxe6 25. Nf4 Re1+ 26. Kg2 Ne5 27. Rxc7 Nc4 28. Rxc4 b5 29. Rc8+ Kh7 30. Ra8 Re7 31. h4 Rb7 32. b4 g5 33. hxg5 hxg5 34. Ne6 Rb6 35. Nxg5+ Kg6 36. f4 Kf5 37. Rxa7 Kg4 38. Ne4 Rc6 39. Rg7+ Kf5 40. Kf3 Rc4 41. Nd6+ 1-0

[Event "Junior Online 4NCL Division 5"]
[Site "online"]
[Date "2021.02.18"]
[EventDate "2021.02.18"]
[Round "3.156"]
[White "Sridhar, Siddarth Iyer"]
[WhiteElo "1057"]
[WhiteTeam "Maidenhead Juniors 5"]
[Black "Xu, Owen"]
[BlackElo "1480"]
[BlackTeam "Desert Penguins Neptune"]
[Result "1/2-1/2"]
[PlyCount "101"]

1. e4 c5 2. Bc4 Nf6 3. Nc3 d6 4. Nf3 e6 5. d4 cxd4 6. Qxd4 Nc6 7. Bb5 Bd7 8. Bxc6 Bxc6 9. Bg5 Be7 10. O-O-O O-O 11. h4 e5 12. Qd3 h6 13. a3 hxg5 14. hxg5 Ng4 15. Qd2 Qb6 16. Rdf1 Rfd8 17. Qe2 d5 18. Nxe5 Nxe5 19. Qh5 Ng6 20. f4 dxe4 21. f5 Qe3+ 22. Kb1 Qxg5 23. fxg6 Qxh5 24. Rxh5 fxg6 25. Rh3 Bf6 26. Re1 Rd2 27. Nxe4 Bxe4 28. Rxe4 Rxg2 29. Rb4 Rc8 30. c3 b6 31. Rd3 Re8 32. Rd7 Ree2 33. Rxa7 Bxc3 34. Rxb6 Rxb2+ 35. Rxb2 Rxb2+ 36. Kc1 g5 37. a4 g4 38. Ra6 g3 39. Rg6 g2 40. Rg3 Bd4 41. a5 g1=Q+ 42. Rxg1 Bxg1 43. Kxb2 g5 44. Kc2 g4 45. Kd2 g3 46. Ke1 Bf2+ 47. Kf1 Kf7 48. Kg2 Kf6 49. a6 Kf5 50. a7 Bxa7 51. Kxg3 1/2-1/2

[Event "Junior Online 4NCL Division 5"]
[Site "online"]
[Date "2021.02.18"]
[EventDate "2021.02.18"]
[Round "3.157"]
[White "Donati Plutino, Francesco Rodolfo"]
[WhiteElo "993"]
[WhiteTeam "Desert Penguins Neptune"]
[Black "Patel, Thilak"]
[BlackElo "1023"]
[BlackTeam "Maidenhead Juniors 5"]
[Result "1-0"]
[PlyCount "101"]

1. d4 d5 2. c4 Nf6 3. Nc3 c6 4. Bf4 Bf5 5. e3 g6 6. Nf3 Bg7 7. g3 O-O 8. Bg2 Nbd7 9. O-O Qa5 10. a3 Nb6 11. b4 Qa6 12. a4 Qxc4 13. a5 Nc8 14. Na2 b6 15. Qd2 Ng4 16. Rfc1 Qb5 17. axb6 Nxb6 18. h3 Nf6 19. g4 Be6 20. Rab1 Nc4 21. Qe2 Nd6 22. Qxb5 cxb5 23. Rc7 h6 24. Rxe7 Rae8 25. Rxe8 Rxe8 26. Bxd6 Ne4 27. Be5 Bxe5 28. dxe5 h5 29. Nd4 hxg4 30. Nxe6 fxe6 31. hxg4 Nd2 32. Rd1 Nc4 33. e4 Nxe5 34. exd5 exd5 35. Rxd5 Nc6 36. Rxb5 Re1+ 37. Kh2 Nd4 38. Bd5+ Kg7 39. Rb7+ Kf6 40. Rxa7 Nf3+ 41. Bxf3 Ra1 42. Kh3 Kg5 43. b5 Kf4 44. Kg2 Rxa2 45. Rxa2 g5 46. b6 Ke5 47. b7 Kf6 48. b8=Q Kg6 49. Ra6+ Kh7 50. Qb7+ Kg8 51. Ra8# 1-0

[Event "Junior Online 4NCL Division 5"]
[Site "online"]
[Date "2021.02.18"]
[EventDate "2021.02.18"]
[Round "3.158"]
[White "Adhikari, Aanya"]
[WhiteElo "1015"]
[WhiteTeam "Maidenhead Juniors 5"]
[Black "Tsitos, Konstantinos"]
[BlackElo "738"]
[BlackTeam "Desert Penguins Neptune"]
[Result "1/2-1/2"]
[PlyCount "141"]

1. e4 c5 2. Nf3 d6 3. Nc3 e6 4. Bb5+ Bd7 5. Bxd7+ Qxd7 6. d3 Nf6 7. Bg5 Be7 8. e5 Nd5 9. Bxe7 Nxe7 10. Qd2 O-O 11. O-O Nbc6 12. exd6 Qxd6 13. Qg5 h6 14. Qe3 Nf5 15. Qd2 Rfd8 16. Ne4 Qe7 17. Rad1 Rd7 18. Rfe1 Rad8 19. Qf4 Ncd4 20. Nxd4 Rxd4 21. Qf3 Qc7 22. Qg4 Qc6 23. Qf3 Nd6 24. Qe3 f5 25. Nxd6 R8xd6 26. c3 Rg4 27. f3 f4 28. Qe4 Qxe4 29. dxe4 Rxd1 30. Rxd1 Rg6 31. Rd7 e5 32. Rxb7 Rc6 33. Rxa7 Kh7 34. Re7 Kg6 35. Rxe5 Kf6 36. Rf5+ Kg6 37. Rxf4 Rd6 38. Rg4+ Kh7 39. e5 Re6 40. Re4 Kg6 41. f4 Rb6 42. b4 Rc6 43. bxc5 Rxc5 44. e6 Rc7 45. g4 Kf6 46. f5 Ke7 47. Kg2 Kf6 48. Kh3 Ke7 49. Kh4 Kf6 50. Kg3 Ke7 51. h4 Kf6 52. Kf4 g5+ 53. hxg5+ hxg5+ 54. Kg3 Ke7 55. a4 Kf6 56. a5 Ke7 57. c4 Kf6 58. e7 Rxe7 59. Rxe7 Kxe7 60. a6 Kd7 61. a7 Kc7 62. a8=Q Kd6 63. Qa5 Kc6 64. c5 Kd5 65. Qb6 Ke5 66. c6 Kd6 67. c7+ Kd7 68. Qb7 Kd6 69. c8=Q Ke5 70. Qc4 Kf6 71. Qc5 1/2-1/2

[Event "Junior Online 4NCL Division 5"]
[Site "online"]
[Date "2021.02.18"]
[EventDate "2021.02.18"]
[Round "3.161"]
[White "Yankov, Victor"]
[WhiteElo "985"]
[WhiteTeam "MCS Tenners B"]
[Black "Shah, Rohan"]
[BlackElo "1437"]
[BlackTeam "Edgware Gambits Forks"]
[Result "0-1"]
[PlyCount "44"]

1. e4 e5 2. Nc3 Nc6 3. Nf3 Bc5 4. d4 exd4 5. Nd5 Nf6 6. Bg5 h6 7. Nxf6+ gxf6 8. Bh4 d6 9. Bc4 Be6 10. b3 Bxc4 11. bxc4 Qe7 12. e5 dxe5 13. O-O O-O-O 14. Re1 Qe6 15. h3 Rde8 16. Re4 Rhg8 17. Ne1 Qxh3 18. Bxf6 Qf5 19. Re2 Qxf6 20. Re4 d3 21. Nxd3 Qg6 22. Nxc5 Qxg2# 0-1

[Event "Junior Online 4NCL Division 5"]
[Site "online"]
[Date "2021.02.18"]
[EventDate "2021.02.18"]
[Round "3.162"]
[White "Kantaria, Siya"]
[WhiteElo "1150"]
[WhiteTeam "Edgware Gambits Forks"]
[Black "Parekh, Cole"]
[BlackElo "937"]
[BlackTeam "MCS Tenners B"]
[Result "1-0"]
[PlyCount "151"]

1. e4 e5 2. Nf3 Nc6 3. Bc4 Nf6 4. Ng5 d5 5. exd5 Nb8 6. d6 Be6 7. Bxe6 fxe6 8. Nxe6 Qxd6 9. Nxg7+ Bxg7 10. d3 O-O 11. O-O Nc6 12. Qf3 a6 13. Qg3 Nh5 14. Qg4 Nf6 15. Qg5 Ne8 16. Qg3 Rd8 17. Nc3 Nf6 18. Bh6 Ne8 19. Ne4 Qxh6 20. c3 Nf6 21. Nxf6+ Qxf6 22. d4 exd4 23. cxd4 Rc8 24. Rad1 Nxd4 25. Qe3 Nc2 26. Qe2 Nd4 27. Qg4 Nc6 28. h3 Ne5 29. Qg3 Rcd8 30. Rxd8 Rxd8 31. f4 Ng6 32. f5 Qd4+ 33. Kh1 Qxb2 34. fxg6 hxg6 35. Qxc7 Rd2 36. Qg3 Qb6 37. Qg5 Rxa2 38. Qd5+ Kh8 39. Qxa2 Qd6 40. Re1 Qf4 41. Qb3 Be5 42. Kg1 Qd4+ 43. Kh1 Qf4 44. Kg1 Bd4+ 45. Kh1 Qf2 46. Re8+ Kg7 47. Qxb7+ Kf6 48. Qxa6+ Kg5 49. Qa5+ Kf4 50. Rf8+ Ke4 51. Rxf2 Bxf2 52. Qg5 Be3 53. Qxg6+ Kf4 54. Qg4+ Ke5 55. h4 Kf6 56. Qf3+ Kg7 57. Qxe3 Kh8 58. h5 Kh7 59. g4 Kg7 60. g5 Kh7 61. g6+ Kg7 62. h6+ Kf6 63. h7 Kf5 64. h8=R Kf6 65. Rf8+ Kg7 66. Rf3 Kg8 67. Qb3+ Kg7 68. Qb5 Kg8 69. Ra3 Kg7 70. Ra7+ Kf6 71. Ra6+ Kg7 72. Qb7+ Kh6 73. g7+ Kg5 74. Qb5+ Kg4 75. Ra4+ Kh3 76. Qb3# 1-0

[Event "Junior Online 4NCL Division 5"]
[Site "online"]
[Date "2021.02.18"]
[EventDate "2021.02.18"]
[Round "3.163"]
[White "King Bravo, Tomas"]
[WhiteElo "846"]
[WhiteTeam "MCS Tenners B"]
[Black "Wilkinson, James"]
[BlackElo "1100"]
[BlackTeam "Edgware Gambits Forks"]
[Result "0-1"]
[PlyCount "20"]

1. e4 e5 2. Nf3 Nf6 3. Nxe5 Nc6 4. Nxc6 dxc6 5. Nc3 Bc5 6. Bd3 Ng4 7. O-O Qh4 8. h3 Nxf2 9. Qf3 Nxh3+ 10. Kh1 Ng5+ 0-1

[Event "Junior Online 4NCL Division 5"]
[Site "online"]
[Date "2021.02.18"]
[EventDate "2021.02.18"]
[Round "3.164"]
[White "Kantaria, Shivam"]
[WhiteElo "1000"]
[WhiteTeam "Edgware Gambits Forks"]
[Black "Ou, Gerry"]
[BlackElo "925"]
[BlackTeam "MCS Tenners B"]
[Result "0-1"]
[PlyCount "114"]

1. e4 e5 2. Bc4 Nf6 3. Nf3 Nxe4 4. Nxe5 f6 5. Nf7 Qe7 6. O-O Rg8 7. Nd6+ Qxd6 8. Bxg8 Nc5 9. Nc3 Nc6 10. Nb5 Qe7 11. Nxc7+ Kd8 12. Ne8 Qxe8 13. Re1 Be7 14. d4 Ne6 15. d5 Qxg8 16. dxe6 Qxe6 17. Rxe6 Ke8 18. Qe1 dxe6 19. Qe3 e5 20. Qg3 Kf8 21. Be3 b5 22. Qh4 Kg8 23. Qg4 Bxg4 24. f3 Bxf3 25. gxf3 Nb4 26. Rc1 Nxa2 27. Ra1 Nb4 28. c3 Nc2 29. Rc1 Nxe3 30. Re1 Nc2 31. Rc1 Bc5+ 32. Kf1 Ne3+ 33. Ke2 Nc4 34. b4 Bb6 35. Kd3 Rd8+ 36. Ke4 Nd6+ 37. Kd5 Nf7+ 38. Ke4 Rd4+ 39. Ke3 Rh4+ 40. Ke2 Rxh2+ 41. Kd3 Rh3 42. Rf1 Ng5 43. Ke2 a6 44. Kd3 Nxf3 45. Ke4 Nd2+ 46. Kf5 Nxf1 47. Kg4 Rxc3 48. Kf5 Ng3+ 49. Ke6 Rc6+ 50. Kd7 Rc4 51. Ke8 Nf5 52. Kd7 Rc7+ 53. Kd8 Ne7 54. Ke8 Nf5 55. Kd8 Re7+ 56. Kc8 Nd6+ 57. Kb8 Re8# 0-1

[Event "Junior Online 4NCL Division 5"]
[Site "online"]
[Date "2021.02.18"]
[EventDate "2021.02.18"]
[Round "3.165"]
[White "Shah, Rohan"]
[WhiteElo "1437"]
[WhiteTeam "Edgware Gambits Forks"]
[Black "Yankov, Victor"]
[BlackElo "985"]
[BlackTeam "MCS Tenners B"]
[Result "1-0"]
[PlyCount "37"]

1. d4 d5 2. c4 Nc6 3. Nc3 Nf6 4. Nf3 dxc4 5. e3 e6 6. Bxc4 a6 7. a3 b5 8. Be2 b4 9. axb4 Bxb4 10. O-O O-O 11. Qc2 Bxc3 12. bxc3 e5 13. dxe5 Ng4 14. Qe4 Bb7 15. Qxg4 Re8 16. Qg3 h6 17. e4 a5 18. Bxh6 Nxe5 19. Qxg7# 1-0

[Event "Junior Online 4NCL Division 5"]
[Site "online"]
[Date "2021.02.18"]
[EventDate "2021.02.18"]
[Round "3.166"]
[White "Parekh, Cole"]
[WhiteElo "937"]
[WhiteTeam "MCS Tenners B"]
[Black "Kantaria, Siya"]
[BlackElo "1150"]
[BlackTeam "Edgware Gambits Forks"]
[Result "0-1"]
[PlyCount "32"]

1. e4 e5 2. Nf3 Nc6 3. Bc4 Bc5 4. Ng5 Qxg5 5. d4 Qxg2 6. Kd2 Bxd4 7. Rg1 Qxf2+ 8. Kd3 Qxh2 9. Rh1 Qg3+ 10. Ke2 Nf6 11. Bb5 d6 12. Qf1 Nxe4 13. Rh3 Bxh3 14. Qd1 Bg4+ 15. Kf1 Bxd1 16. Nc3 Qf2# 0-1

[Event "Junior Online 4NCL Division 5"]
[Site "online"]
[Date "2021.02.18"]
[EventDate "2021.02.18"]
[Round "3.167"]
[White "Wilkinson, James"]
[WhiteElo "1100"]
[WhiteTeam "Edgware Gambits Forks"]
[Black "King Bravo, Tomas"]
[BlackElo "846"]
[BlackTeam "MCS Tenners B"]
[Result "1-0"]
[PlyCount "60"]

1. e4 e5 2. Bc4 Nf6 3. Nc3 Be7 4. Nf3 Nc6 5. Ng5 O-O 6. O-O h6 7. Nf3 d6 8. h3 Nd4 9. Nxd4 exd4 10. Nd5 Nxe4 11. Nxe7+ Qxe7 12. Re1 Bf5 13. f3 Qh4 14. fxe4 Bxe4 15. Qg4 Qxe1+ 16. Kh2 Bxc2 17. d3 Qe5+ 18. Bf4 Qf6 19. Rf1 h5 20. Qxh5 g6 21. Qh6 Qg7 22. Bd5 Bxd3 23. Rd1 Qf6 24. Rxd3 Qg7 25. Bxb7 Rab8 26. Bd5 Rxb2 27. a4 Qxh6 28. Bxh6 Re8 29. Rf3 Ree2 30. Rxf7 Rb8 1-0

[Event "Junior Online 4NCL Division 5"]
[Site "online"]
[Date "2021.02.18"]
[EventDate "2021.02.18"]
[Round "3.168"]
[White "Ou, Gerry"]
[WhiteElo "925"]
[WhiteTeam "MCS Tenners B"]
[Black "Kantaria, Shivam"]
[BlackElo "1000"]
[BlackTeam "Edgware Gambits Forks"]
[Result "1-0"]
[PlyCount "113"]

1. e4 e5 2. Nf3 Nf6 3. Nc3 Bc5 4. Bc4 Ng4 5. d3 Nxf2 6. Qe2 Nxh1 7. Qf1 Bf2+ 8. Kd1 Qf6 9. Qxh1 d6 10. Qf1 Bc5 11. Na4 Bg4 12. h3 Bxf3+ 13. gxf3 Bb4 14. a3 Ba5 15. b4 Bb6 16. Nxb6 axb6 17. a4 c6 18. b5 cxb5 19. Bxb5+ Nc6 20. c4 O-O-O 21. a5 bxa5 22. Qg2 b6 23. Bxc6 Rhe8 24. Bxe8 Rxe8 25. h4 Qxh4 26. Qxg7 h5 27. Qxf7 Rd8 28. Qa7 Rd7 29. Qxb6 Qh2 30. Rxa5 Rg7 31. Ra8+ Kd7 32. Ra7+ Ke6 33. Rxg7 Qh1+ 34. Kd2 h4 35. Rg6+ Kf7 36. Rxd6 Qh3 37. Qb7+ Ke8 38. Ra6 Qd7 39. Ra8+ Qd8 40. Rxd8+ Kxd8 41. c5 h3 42. Qh7 h2 43. Qxh2 Kc7 44. Qh6 Kc8 45. Qh7 Kb8 46. c6 Kc8 47. Qh5 Kc7 48. Qxe5+ Kxc6 49. f4 Kd7 50. f5 Kd8 51. f6 Kd7 52. f7 Kd8 53. f8=Q+ Kd7 54. Qff6 Kc8 55. Qeg5 Kb7 56. Qgg7+ Kc8 57. Qff8# 1-0